| 000 -LEADER |
| fixed length control field |
01158nam a22002657a 4500 |
| 003 - CONTROL NUMBER IDENTIFIER |
| control field |
OSt |
| 005 - DATE AND TIME OF LATEST TRANSACTION |
| control field |
20251111112059.0 |
| 008 - FIXED-LENGTH DATA ELEMENTS--GENERAL INFORMATION |
| fixed length control field |
251111b ||||| |||| 00| 0 eng d |
| 020 ## - INTERNATIONAL STANDARD BOOK NUMBER |
| International Standard Book Number |
9781728235202 |
| 040 ## - CATALOGING SOURCE |
| Transcribing agency |
KH8 |
| 082 00 - DEWEY DECIMAL CLASSIFICATION NUMBER |
| Classification number |
823.92 HEM |
| 100 1# - MAIN ENTRY--PERSONAL NAME |
| Personal name |
Hemming, Alice |
| Relator term |
author |
| 245 14 - TITLE STATEMENT |
| Title |
The leaf thief |
| Statement of responsibility, etc. |
Alice Hemming , illustrated by Nicola Slater |
| 264 #1 - PRODUCTION, PUBLICATION, DISTRIBUTION, MANUFACTURE, AND COPYRIGHT NOTICE |
| Place of production, publication, distribution, manufacture |
Naperville, Illinois |
| Name of producer, publisher, distributor, manufacturer |
Sourcebooks Jabberwocky |
| Date of production, publication, distribution, manufacture, or copyright notice |
2021 |
| 300 ## - PHYSICAL DESCRIPTION |
| Extent |
14 Pages |
| Other physical details |
Colour illustration |
| Dimensions |
25 cm x 27 cm |
| 500 ## - GENERAL NOTE |
| General note |
"Originally published in 2020 in the UK by Scholastic Children's Books, a division of Scholastic Ltd." |
| 520 ## - SUMMARY, ETC. |
| Summary, etc. |
Squirrel enjoys looking at the beautiful, colorful leaves, but every day more and more disappear which makes him think someone is stealing them. Includes information on seasonal leaf loss in autumn. |
| 650 #1 - SUBJECT ADDED ENTRY--TOPICAL TERM |
| Topical term or geographic name entry element |
Squirrels |
| Form subdivision |
Fiction |
| 650 #1 - SUBJECT ADDED ENTRY--TOPICAL TERM |
| Topical term or geographic name entry element |
Leaves |
| Form subdivision |
Fiction |
| 650 #1 - SUBJECT ADDED ENTRY--TOPICAL TERM |
| Topical term or geographic name entry element |
Autumn |
| Form subdivision |
Fiction |
| 650 #1 - SUBJECT ADDED ENTRY--TOPICAL TERM |
| Topical term or geographic name entry element |
Birds |
| Form subdivision |
Fiction |
| 700 1# - ADDED ENTRY--PERSONAL NAME |
| Personal name |
Slater, Nicola |
| Relator term |
illustrator |
| 776 08 - ADDITIONAL PHYSICAL FORM ENTRY |
| Relationship information |
Online version: |
| Main entry heading |
Hemming, Alice. |
| Title |
Leaf thief. |
| Place, publisher, and date of publication |
Naperville, Illinois : Sourcebooks Jabberwocky, 2021. |
| International Standard Book Number |
9781728235219 |
| Record control number |
(DLC) 2021016097 |
| 942 ## - ADDED ENTRY ELEMENTS (KOHA) |
| Source of classification or shelving scheme |
|
| Koha item type |
Books - Fiction |